00689nam a22001937a 450000500170000001000130001702000220003003500130005203700160006504000120008108200150009310000200010824501790012826000480030727000420035530000250039765000300042265000430045220170124105949.0 aA-517467 c00.00a8172861551 aA-517467 bCen Lib/Ret aDPLbEN a280.8bCOL aColaco, Cletus  a25 years "ad gentes" in India :cby Cletus Colacoband "redemptoris missio" on the permanent validity of the church's missionary mandate from his holiness pope John Paul II / aBangalore bAsian Trading Corporationc1991 a150, Brigade RoadbBangalore e560025 axvii,125p.c21cm(Hb) aCatholic Church -- India. aMissionaries of Charity -- Biography.